| 000 | 02365nam0a2200553 4500 | ||
|---|---|---|---|
| 001 | v19\rc\1997872 | ||
| 005 | 20260614083041.0 | ||
| 035 | _a(NLR Aleph) 005270495 | ||
| 035 | _a(РНБ)rc\1997872 | ||
| 035 | _aRU\NLR\DIGIT\113494 | ||
| 090 |
_a13728787 _c13728787 |
||
| 100 | _a20080811d1915 |||y0rusy50 ca | ||
| 101 | 0 | _arus | |
| 102 | _aRU | ||
| 105 | _ac z ||||| | ||
| 135 | _acoco 024aaaaa | ||
| 135 | _acoco 024aaaaa | ||
| 135 | _acoco 024aaaaa | ||
| 200 | 1 |
_aПоэты-крестьяне Суриков и Дрожжин _eс двумя портретами _fВ. Брусянин |
|
| 205 | _a3-е изд. | ||
| 210 |
_aМосква _cРедакция журнала "Юная Россия" _d1915 |
||
| 215 |
_a80 с. _cпортр. _d19 |
||
| 225 | 1 | _aБиблиотека для семьи и школы | |
| 300 | _aНа обл. сер.: Дешевая б-ка для семьи и школы | ||
| 300 | _aЭл.копия создана на основе экземпляра РГБ | ||
| 325 | _aКопия доступна в Электрон. б-ке РНБ http://vivaldi.nlr.ru/bx000006791/view | ||
| 532 | 1 | 3 | _aПоэты-крестьяне Суриков и Дрожжин |
| 606 | 1 |
_aПоэзия русская _z20 в. _2nlr_sh2 _3RU\NLR\AUTH\66636833 |
|
| 686 | 0 | _aШ6(2=Р)53-5 | |
| 700 | 1 |
_aБрусянин _bВ. В. _f1867-1919 _gВасилий Васильевич _3RU\NLR\AUTH\7766087 _7ca |
|
| 702 | 1 |
_aСуриков _bИ. З. _f1841-1880 _gИван Захарович _3RU\NLR\AUTH\7727469 _4570 _7ca |
|
| 702 | 1 |
_aДрожжин _bС. Д. _f1848-1930 _gСпиридон Дмитриевич _3RU\NLR\AUTH\7765070 _4570 _7ca |
|
| 801 | 0 |
_aRU _bNLR _gpsbo |
|
| 801 | 0 |
_aRU _bRuMoRGB _2psbo |
|
| 801 | 1 |
_aRU _bProSoft-M _2rusmarc |
|
| 801 | 2 |
_aRU _bNLR _c20081203 _2rusmarc |
|
| 852 |
_aNLR _j40.2.7.550 |
||
| 856 | 0 | _uhttp://vivaldi.nlr.ru/bx000006791/view | |
| 856 | 1 | _uhttp://vivaldi.nlr.ru/bx000006791/cover | |
| 856 | 2 | _uhttp://vivaldi.nlr.ru/bx000006791/text | |
| 899 |
_aRuMoRGB _jV 42/215 |
||
| 899 |
_aRuMoRGB _jV 549/392 |
||
| 899 |
_aRuMoRGB _jФ 1-78/10417 |
||
| 899 | _aБАН | ||
| 899 | _aНБ МГУ | ||
| 942 | _cBOOK | ||
| 980 | _aNB | ||
| 981 | 3 | 3 |
_a(33) Художественная литература _b(33) Отечественная литература |